Bài chòi xứ Quảng

Trình bày nguồn gốc, quá trình phát triển, hình thức sinh hoạt văn nghệ dân gian của bài chòi và một số đặc điểm về nội dung, nghệ thuật của lời ca bài chòi. Giới thiệu tuyển tập các bài chòi xứ Quảng...

Celý popis

Uloženo v:
Podrobná bibliografie
Hlavní autor: Đinh, Thị Hựu
Médium: Kniha
Jazyk:Undetermined
Vydáno: Hà Nội Lao động 2012
Témata:
Tagy: Přidat tag
Žádné tagy, Buďte první, kdo otaguje tento záznam!
Thư viện lưu trữ: Trung tâm Học liệu Trường Đại học Cần Thơ
LEADER 00906nam a2200205Ia 4500
001 CTU_179631
008 210402s9999 xx 000 0 und d
082 |a 398.809597 
082 |b H566 
100 |a Đinh, Thị Hựu 
245 0 |a Bài chòi xứ Quảng 
245 0 |c Đinh Thị Hựu, Trương Đình Quang 
260 |a Hà Nội 
260 |b Lao động 
260 |c 2012 
520 |a Trình bày nguồn gốc, quá trình phát triển, hình thức sinh hoạt văn nghệ dân gian của bài chòi và một số đặc điểm về nội dung, nghệ thuật của lời ca bài chòi. Giới thiệu tuyển tập các bài chòi xứ Quảng 
650 |a Folklore,Văn hóa dân gian 
904 |i Nguyễn Thị Mỹ Đa 
910 |a Nguyên 
980 |a Trung tâm Học liệu Trường Đại học Cần Thơ